| 000 | 01721nam a2200325 a 4500 | ||
|---|---|---|---|
| 001 | ebr10178096 | ||
| 003 | CaPaEBR | ||
| 006 | m u | ||
| 007 | cr cn||||||||| | ||
| 008 | 061121s2007 nyua sb 001 0 eng | ||
| 010 | _z 2006038942 | ||
| 020 | _z9780765617484 (cloth : alk. paper) | ||
| 020 | _z076561748X (cloth : alk. paper) | ||
| 040 |
_aCaPaEBR _cCaPaEBR |
||
| 035 | _a(OCoLC)213305758 | ||
| 050 | 1 | 4 |
_aJF1525.A8 _bW55 2007eb |
| 082 | 0 | 4 |
_a352.3/8011 _222 |
| 100 | 1 | _aWhite, Jay D. | |
| 245 | 1 | 0 |
_aManaging information in the public sector _h[electronic resource] / _cJay D. White. |
| 260 |
_aArmonk, N.Y. : _bM.E. Sharpe, _cc2007. |
||
| 300 |
_axii, 319 p. : _bill. |
||
| 504 | _aIncludes bibliographical references (p. 287-306) and index. | ||
| 505 | 0 | _aWhy study MIS in the public sector? -- Information technology for decision making -- Hardware and software issues -- Managing the agency's data resources -- The telecommunications revolution -- The Internet revolution -- Systems development and implementation -- Transforming government with technology -- End user computing issues -- Acquiring technology solutions -- Information security -- Managing information strategically. | |
| 533 |
_aElectronic reproduction. _bPalo Alto, Calif. : _cebrary, _d2013. _nAvailable via World Wide Web. _nAccess may be limited to ebrary affiliated libraries. |
||
| 650 | 0 |
_aPublic administration _xInformation technology. |
|
| 650 | 0 |
_aPublic administration _xInformation resources management. |
|
| 655 | 7 |
_aElectronic books. _2local |
|
| 710 | 2 | _aebrary, Inc. | |
| 856 | 4 | 0 |
_uhttp://site.ebrary.com/lib/rucke/Doc?id=10178096 _zAn electronic book accessible through the World Wide Web; click to view |
| 999 |
_c140665 _d140665 |
||